000 nam a22 7a 4500
999 _c8365
_d8365
008 180112b ||||| |||| 00| 0 eng d
100 _94779
_aSINGHLA.S
245 _aENVIRONMENT ADVENTURE-5
260 _aNEW DELHI
_bNURTURE
_c2015